Music Quiz

Random Music or Album Quiz

Iron Maiden Songs Quiz Stats

 Plays Quiz Updated Sep 7, 2015

Score 0/152 Timer 17:00
8 Plays Today
% Correct
The Number of the Beast
84.9%
Iron Maiden
82.2%
Killers
80.6%
Powerslave
80.2%
Run to the Hills
79.3%
Fear of the Dark
79.2%
The Trooper
77.4%
Seventh Son of a Seventh Son
75.3%
Aces High
74.9%
Hallowed Be Thy Name
71.5%
2 Minutes to Midnight
71.3%
Brave New World
70.9%
Dance of Death
70.4%
Wasted Years
68.8%
Rime of the Ancient Mariner
68%
Phantom of the Opera
66.7%
Flight of Icarus
65.4%
No Prayer for the Dying
65.1%
Satellite 15... The Final Frontier
65.1%
22 Acacia Avenue
65%
Alexander the Great
64.1%
Caught Somewhere in Time
63.6%
Can I Play with Madness
63.6%
Wrathchild
63.3%
Prowler
62.5%
Moonchild
62.4%
Running Free
62.3%
The Prisoner
62%
Invaders
61.9%
Children of the Damned
61.3%
Where Eagles Dare
61.2%
The Wicker Man
60.9%
The Evil That Men Do
60.6%
Charlotte the Harlot
60.1%
Bring Your Daughter... to the Slaughter
59.7%
The Book of Souls
59.5%
The Clairvoyant
59.2%
Die With Your Boots On
58.9%
Revelations
58.3%
Gangland
57.2%
Flash of the Blade
56.8%
Blood Brothers
56.1%
Transylvania
55.6%
The Loneliness of the Long Distance Runner
55.4%
Back in the Village
55.4%
Losfer Words (Big 'Orra)
54.9%
Be Quick or Be Dead
54.6%
Murders in the Rue Morgue
54.6%
Infinite Dreams
54.5%
To Tame a Land
53.9%
Tailgunner
53.7%
% Correct
Stranger in a Strange Land
53.6%
Mother Russia
53.2%
Paschendale
52.8%
Heaven Can Wait
52.6%
Deja Vu
52.4%
Only the Good Die Young
52.1%
Holy Smoke
52.1%
Genghis Khan
51.9%
Remember Tomorrow
51.8%
Afraid to Shoot Strangers
51.6%
The Clansman
51.6%
The Duellists
51.5%
Sign of the Cross
51.5%
Ghost of the Navigator
51.1%
Sun and Steel
50.4%
The Ides of March
50.2%
El Dorado
49.9%
Sea of Madness
49.7%
Quest for Fire
49.6%
Rainmaker
49.4%
Still Life
49%
The Prophecy
48.8%
Speed of Light
47.3%
Wasting Love
46.5%
Empire of the Clouds
46.5%
Futureal
46.2%
From Here to Eternity
45.7%
Man on the Edge
45.6%
Lord of the Flies
45.5%
These Colours Don't Run
45.4%
Out of the Silent Planet
45.4%
When the Wild Wind Blows
45.3%
Strange World
45%
Purgatory
45%
The Reincarnation of Benjamin Breeg
44.9%
The Nomad
44.8%
Dream of Mirrors
44.8%
The Thin Line Between Love and Hate
44.7%
The Red and the Black
44.6%
Drifter
44.6%
Different World
44.1%
No More Lies
43.7%
Journeyman
43.7%
Tears of a Clown
43.1%
The Angel and the Gambler
43%
Weekend Warrior
42.3%
Hooks in You
42.3%
Wildest Dreams
42.2%
Judas Be My Guide
42.2%
The Mercenary
42.1%
If Eternity Should Fail
41%
% Correct
The Talisman
40.8%
Prodigal Son
40.8%
For the Greater Good of God
40.8%
2 A.M.
40.7%
Brighter Than a Thousand Suns
40.5%
Coming Home
40.4%
Montségur
40.3%
The Assassin
40.2%
Fear Is the Key
39.8%
The Legacy
38.8%
The Longest Day
38.8%
Childhood's End
38%
The Alchemist
37.6%
The Fallen Angel
37.5%
The Pilgrim
37.3%
Another Life
37.2%
Public Enema Number One
37.1%
Face in the Sand
37.1%
Como Estais Amigos
36.8%
The Man Who Would Be King
36.7%
Innocent Exile
36.5%
Run Silent Run Deep
36.5%
Isle of Avalon
35.6%
Lord of Light
35.6%
Mother of Mercy
35.5%
Chains of Misery
34.9%
The Apparition
34.9%
Death or Glory
34.2%
The Fugitive
34.1%
Lightning Strikes Twice
33.7%
New Frontier
33.5%
Starblind
32.7%
Gates of Tomorrow
31.9%
Age of Innocence
31.8%
Out of the Shadows
31.6%
Don't Look to the Eyes of a Stranger
31.3%
Fates Warning
30.3%
The Unbeliever
30.2%
The Man of Sorrows
29.8%
When Two Worlds Collide
29.8%
Blood on the World's Hands
29.7%
The Educated Fool
29.6%
When the River Runs Deep
29.1%
The Great Unknown
28.6%
The Aftermath
28.4%
Fortunes of War
28.3%
Shadows of the Valley
27.8%
The Edge of Darkness
27.4%
Judgement of Heaven
27.2%
Look for the Truth
23.4%

You're not logged in!

Compare scores with friends on all Sporcle quizzes.
OR
Log In

Sporcle TV

Today on Sporcle TV


Watch our educational content, quiz creation guides, and fun videos on Sporcle TV.

Show Comments

Extras

Top Quizzes Today


Score Distribution

Your Account Isn't Verified!

In order to create a playlist on Sporcle, you need to verify the email address you used during registration. Go to your Sporcle Settings to finish the process.

Report this User

Report this user for behavior that violates our Community Guidelines.

Details: